Loading...

വിശുദ്ധപശു /

Bibliografiske detaljer
Hovedforfatter: രാജന്‍, കാഞ്ചിയാര്‍
Andre forfattere: Rajan, Kanchiyar
Format: Printed Book
Sprog:English
Udgivet: കണ്ണൂര്‍ : കൈരളി ബുക്സ്, 2017.
Udgivelse:1st ed.
Fag:
LEADER 00751nam a22001937a 4500
008 171207b xxu||||| |||| 00| 0 eng d
999 |c 20793  |d 20793 
020 |a 9789386822093 
082 |a 894.12  |b RAJ 
100 |a രാജന്‍, കാഞ്ചിയാര്‍ 
240 |a Vishudha pashu 
245 |a വിശുദ്ധപശു /  |c കാഞ്ചിയാര്‍ രാജന്‍ 
250 |a 1st ed. 
260 |a കണ്ണൂര്‍ :  |b കൈരളി ബുക്സ്,  |c 2017. 
300 |a 104p. 
650 |a Drama 
700 |a Rajan, Kanchiyar 
942 |2 ddc  |c BK 
952 |0 0  |1 0  |2 ddc  |4 0  |6 894_120000000000000_RAJ  |7 0  |9 28832  |a MAIN  |b MAIN  |d 2017-12-07  |e Progress publications  |g 110.00  |o 894.12 RAJ  |p 28833  |r 2017-12-07  |t 1  |w 2017-12-07  |y BK